02499nam a2200277Ia 4500952011600000952011200116952011200228999001700340008004100357020001800398050001900416100003500435245004600470250001700516260003400533300003600567500006600603504013800669505117000807519009001977519007802067650001702145650002702162650002002189942001202209 00102lcc4070a08b08d2012-11-27l16m1oK239 M67 2010p08 004278r2023-08-18s2023-08-18t1w2012-11-27yLB 00102lcc4070a20b20d2018-02-17l6oK239 M67 1989p20 000699r2023-01-25s2022-10-24t1w2018-02-17yLB 00102lcc4070a20b20d2018-02-17l6oK239 M67 1989p20 000700r2022-10-18s2022-10-17t2w2018-02-17yLB c83078d83078120721s1989 xx a 000 0 spa d a9789682432330 aK239bM67 1989 aMorales, José Ignacioeautor aDerecho romanoc / José Ignacio Morales a3a edición aMéxicob : Trillasc , 1989 a349 páginasb: il. c; 23 cm. aEducación Mixta Derecho / Derecho Romano II B07 (21 001518) aIncluye: Dedicatoria Prólogo Índice de contenido Apéndice: Cuadros sinópticos de derecho romano Bibliografía (página 351) aGeneralidades históricas Primeros órganos de gobierno en tiempo de la Monarquía Los sicesores de Rómulo La república La dictadura Ley de las XII tablas Continúa la lucha entre patricios y plebeyos Roma continúa su expansión Nace el imperio Breve panorama de la literatura, el arte, las ciencias y la filosofía durante el Imperio romano Comienza la anarquía militar Gobernantes romanos de Rómulo a Justiciano Algunas reglas del derecho romano Locuciones latinas de uso frecuente Algunos principios del derecho romano El pueblo romano y sus leyes Instituciones del derecho romano Interpretación de la ley De las personas La esclavitud Status civitaris Las cosas El poder jurídico de las personas sobre las cosas Modos de adquirir la propiedad según el derecho natural Modos de adquiriri la propiedad según el derecho civil romano Servidumbres Derechos reales pretorianos Las obligaciones Los contratos Obligaciones que nacen como de un contrato Obligaciones que nacen de un delito Obligaciones que nacen como de un delito Garantías reales y personales Extinción de las obligaciones Sucesiones Donaciones Procedimiento judicial romano a Educación Mixta / bDerecho / cDerecho romano II (B07) / d(20 000699, 20 000700) aEducación Mixta /bDerecho /cDerecho Romano II (B07-2) /d(08 004278) 0aOBLIGACIONES 0aPROCEDIMIENTO JUDICIAL 0aDERECHOS REALES cLB2lcc